000 00571nam a2200181 i 4500
001 149757
003 ES-MaACL
005 20230906203238.0
007 t|
008 071024s1922 xxk ||||1| eng d
100 1 _aVaugham, Victor C.
_9113314
245 1 0 _aEpidemiology and public health /
_cby Victor C. Vaugham ; assisted by Henry F. Vaugham and George T. Palmer.
260 _aLondon :
_bHenry Kimpton,
_c1922.
300 _a2 v. :
_bil. ;
_c25 cm.
700 1 _aVaugham, Henry F.
_9113313
700 1 _aPalmer, George T.
_988633
852 _aES-MaACL
_jB-11503-4
999 _c149757
_d149757